[Event "Heusenstamm Sparkassen op-B 7th"]
[Site "Heusenstamm"]
[Date "2021.11.21"]
[Round "7.35"]
[White "Reinhold, Guenther"]
[Black "De Boer, Alex"]
[Result "1-0"]
[WhiteElo "1716"]
[BlackElo "1213"]
[PlyCount "85"]
[EventDate "2021.11.18"]
[EventType "swiss"]
[EventRounds "7"]
[EventCountry "GER"]
[SourceTitle "EXT 2023"]
[Source "ChessBase"]
[SourceDate "2022.10.05"]
[SourceVersion "1"]
[SourceVersionDate "2022.10.05"]
[SourceQuality "1"]

1. e4 c6 2. d4 d5 3. Nc3 dxe4 4. Nxe4 Bf5 5. Ng3 g6 6. Nxf5 gxf5 7. Nf3 e6 8. Bf4 Nd7 9. Bd3 Bg7 10. c3 Ne7 11. Ng5 h6 12. Nf3 Nd5 13. Bd6 N7f6 14. Be5 Rg8 15. Qe2 Qa5 16. 0-0 Nh5 17. Bxf5 Ndf4 18. Qe4 Bxe5 19. Nxe5 exf5 20. Qxf5 Rxg2+ 21. Kh1 Qd5 22. f3 Rg5 23. Qh7 f6 24. Nxc6 bxc6 25. Rae1+ Kd8 26. Qe7+ Kc8 27. Qe8+ Qd8 28. Qxc6+ Kb8 29. Re8 Qxe8 30. Qxe8+ Kb7 31. Qe4+ Nd5 32. c4 Rag8 33. cxd5 Rc8 34. d6+ Kb6 35. d5 Rc5 36. Rd1 Re5 37. Qb4+ Rb5 38. Qd4+ Kb7 39. Qc4 Rxb2 40. Qc6+ Kb8 41. Qc7+ Ka8 42. d7 Rb8 43. Qc6+ 1-0

[Event "Heusenstamm Sparkassen op-B 6th"]
[Site "Heusenstamm"]
[Date "2019.11.24"]
[Round "6"]
[White "Reinhold, Guenther"]
[Black "Englert, Lin"]
[Result "1-0"]
[WhiteElo "1785"]
[BlackElo "1498"]
[PlyCount "73"]
[EventDate "2019.11.21"]
[EventType "swiss"]
[EventRounds "7"]
[EventCountry "GER"]
[SourceTitle "CBM 194 Extra"]
[Source "ChessBase"]
[SourceDate "2020.03.31"]
[SourceVersion "1"]
[SourceVersionDate "2020.03.31"]
[SourceQuality "1"]

1. e4 c5 2. Be2 Nc6 3. f4 g6 4. Nf3 Bg7 5. d3 Nf6 6. 0-0 e6 7. c3 0-0 8. Kh1 d5 9. e5 Nd7 10. d4 c4 11. Na3 a6 12. Nc2 f6 13. Be3 fxe5 14. fxe5 Qb6 15. Qd2 Ne7 16. Bg5 Rf7 17. Bxe7 Rxe7 18. Qg5 Re8 19. Rad1 Qd8 20. Qxd8 Rxd8 21. Ng5 Nf8 22. Bg4 Re8 23. Rf2 b5 24. Rdf1 Ra7 25. Nf7 Rc7 26. Bh3 Ree7 27. Nd6 Bb7 28. Ne3 Bc6 29. Ng4 Kh8 30. Nf6 Bxf6 31. Rxf6 Nd7 32. Rxe6 Rxe6 33. Bxe6 Nb6 34. Rf8+ Kg7 35. Rg8+ Kh6 36. Nf7+ Kh5 37. Rh8 1-0

[Event "Heusenstamm Sparkassen op-B 6th"]
[Site "Heusenstamm"]
[Date "2019.11.22"]
[Round "3"]
[White "Fischer, Juliane"]
[Black "Reinhold, Guenther"]
[Result "0-1"]
[WhiteElo "1369"]
[BlackElo "1785"]
[PlyCount "114"]
[EventDate "2019.11.21"]
[EventType "swiss"]
[EventRounds "7"]
[EventCountry "GER"]
[SourceTitle "CBM 194 Extra"]
[Source "ChessBase"]
[SourceDate "2020.03.31"]
[SourceVersion "1"]
[SourceVersionDate "2020.03.31"]
[SourceQuality "1"]

1. e4 c5 2. Nc3 e6 3. f4 d5 4. Nf3 Nc6 5. Bb5 Nge7 6. 0-0 a6 7. Bxc6+ Nxc6 8. d3 Be7 9. Qe1 0-0 10. Qg3 b5 11. f5 Re8 12. Bh6 Bf8 13. Rae1 d4 14. Nd1 exf5 15. Ng5 Qd6 16. Qxd6 Bxd6 17. exf5 Rxe1 18. Rxe1 gxh6 19. Re8+ Kg7 20. Nf3 Bb7 21. Re2 f6 22. Re6 Rd8 23. g4 Bc8 24. Re2 Ne5 25. Nxe5 Bxe5 26. Nf2 Bb7 27. Ne4 Bxe4 28. Rxe4 Kf7 29. h3 Rg8 30. Kg2 h5 31. Kf3 hxg4+ 32. hxg4 c4 33. Re2 cxd3 34. cxd3 Rc8 35. Rg2 Rc1 36. Re2 Rf1+ 37. Rf2 Rxf2+ 38. Kxf2 Kg7 39. Kg2 Kh6 40. Kf2 Kg5 41. Kf3 a5 42. b3 a4 43. bxa4 bxa4 44. a3 h6 45. Kg2 Kxg4 46. Kf2 Kxf5 47. Kf3 h5 48. Kg2 Bd6 49. Kh3 Bxa3 50. Kh4 Bc1 51. Kxh5 a3 52. Kh4 Bg5+ 53. Kh5 Be3 54. Kh4 a2 55. Kg3 a1Q 56. Kg2 Qg1+ 57. Kf3 Qf2# 0-1

[Event "Heusenstamm Sparkassen op-A 5th"]
[Site "Heusenstamm"]
[Date "2018.11.25"]
[Round "6"]
[White "Marzec, Witold"]
[Black "Reinhold, Guenther"]
[Result "1/2-1/2"]
[WhiteElo "1715"]
[BlackElo "1833"]
[PlyCount "95"]
[EventDate "2018.11.22"]
[EventType "swiss"]
[EventRounds "7"]
[EventCountry "GER"]
[SourceTitle "CBM 188 Extra"]
[Source "ChessBase"]
[SourceDate "2019.02.26"]
[SourceVersion "1"]
[SourceVersionDate "2019.02.26"]
[SourceQuality "1"]

1. c4 Nf6 2. Nc3 e6 3. d4 c5 4. e3 b6 5. Nf3 Bb7 6. g3 Be7 7. Bg2 0-0 8. 0-0 d5 9. b3 dxc4 10. bxc4 Nbd7 11. Bb2 Rc8 12. d5 exd5 13. cxd5 Re8 14. e4 Bd6 15. Re1 a6 16. Nh4 Ne5 17. f4 Nc4 18. Bc1 Bb8 19. e5 Nd7 20. Nf5 Nf8 21. d6 Bxg2 22. Kxg2 Qd7 23. Ne7+ Rxe7 24. dxe7 Qxe7 25. Qf3 Ne6 26. Be3 Nxe3+ 27. Qxe3 Nd4 28. Rac1 Rd8 29. Ne2 Qb7+ 30. Kf2 Nf5 31. Qf3 Qxf3+ 32. Kxf3 Kf8 33. g4 Nd4+ 34. Nxd4 Rxd4 35. Red1 Rxd1 36. Rxd1 Ke7 37. Ke4 b5 38. Kd5 f6 39. h3 fxe5 40. fxe5 c4 41. Rf1 c3 42. e6 Ke8 43. Rc1 b4 44. Kc4 a5 45. Kb5 Bc7 46. Rc2 Ke7 47. Re2 Bf4 48. Rc2 1/2-1/2

[Event "Heusenstamm Sparkassen op-A 5th"]
[Site "Heusenstamm"]
[Date "2018.11.23"]
[Round "3"]
[White "Reinhold, Guenther"]
[Black "Voss, Georg"]
[Result "0-1"]
[WhiteElo "1833"]
[BlackElo "1921"]
[PlyCount "108"]
[EventDate "2018.11.22"]
[EventType "swiss"]
[EventRounds "7"]
[EventCountry "GER"]
[SourceTitle "CBM 188 Extra"]
[Source "ChessBase"]
[SourceDate "2019.02.26"]
[SourceVersion "1"]
[SourceVersionDate "2019.02.26"]
[SourceQuality "1"]

1. e4 d5 2. exd5 Qxd5 3. Nc3 Qd8 4. d4 Nf6 5. Nf3 g6 6. Be2 Bg7 7. 0-0 c6 8. h3 0-0 9. Ne5 Be6 10. f4 Nbd7 11. Be3 Nb6 12. Qd2 Nfd5 13. Nxd5 Nxd5 14. c4 Nxe3 15. Qxe3 Qb6 16. Kh1 Rad8 17. Rfd1 Bc8 18. b3 f6 19. c5 Qc7 20. Bc4+ e6 21. Nf3 Kh8 22. Re1 Rde8 23. Rad1 Bh6 24. g3 Bg7 25. Qc3 g5 26. Qe3 gxf4 27. gxf4 Bh6 28. Qe4 Qxf4 29. Qxf4 Bxf4 30. Re4 e5 31. dxe5 fxe5 32. Rg1 Bf5 33. Ree1 e4 34. Ng5 Bxg5 35. Rxg5 Bxh3 36. Rg3 Bf5 37. Rge3 Bg6 38. Bf1 Rf4 39. Bg2 Kg7 40. Rd1 Re7 41. Kg1 Kf6 42. Rd6+ Kg5 43. Rd4 Rg4 44. Kf2 Kf4 45. Re1 Ke5 46. Rd8 Rf7+ 47. Kg1 Bf5 48. Re8+ Kd4 49. b4 Rfg7 50. Re2 e3 51. Rd8+ Kc4 52. Kh2 Rh4+ 53. Kg1 Be4 54. Kf1 Bd3 0-1

[Event "Heusenstamm Sparkassen op-A 5th"]
[Site "Heusenstamm"]
[Date "2018.11.22"]
[Round "1"]
[White "Reinhold, Guenther"]
[Black "Eichner, Christian"]
[Result "1/2-1/2"]
[WhiteElo "1833"]
[BlackElo "2091"]
[PlyCount "81"]
[EventDate "2018.11.22"]
[EventType "swiss"]
[EventRounds "7"]
[EventCountry "GER"]
[SourceTitle "CBM 188 Extra"]
[Source "ChessBase"]
[SourceDate "2019.02.26"]
[SourceVersion "1"]
[SourceVersionDate "2019.02.26"]
[SourceQuality "1"]

1. e4 e5 2. Nf3 Nc6 3. Bc4 Nf6 4. d3 Bc5 5. c3 d6 6. 0-0 a6 7. Bb3 Be6 8. Re1 Bxb3 9. axb3 Qd7 10. Na3 0-0 11. Bg5 Ng4 12. d4 exd4 13. cxd4 Bxa3 14. bxa3 f5 15. Qc2 fxe4 16. Qxe4 Qf5 17. h3 Qxe4 18. Rxe4 Nf6 19. Bxf6 gxf6 20. d5 Ne5 21. Nxe5 dxe5 22. Rg4+ Kh8 23. Rc1 Rf7 24. Rgc4 Rc8 25. b4 Rd7 26. Rc5 Kg7 27. a4 Kg6 28. f3 b6 29. Rc6 Rxd5 30. Rxb6 cxb6 31. Rxc8 Rd4 32. Ra8 a5 33. bxa5 Rxa4 34. a6 Kf5 35. a7 b5 36. Rb8 Rxa7 37. Rxb5 h5 38. Rb4 Ra1+ 39. Kf2 Ra2+ 40. Kf1 Rd2 41. Re4 1/2-1/2

[Event "Heusenstamm Sparkassen op-A 4th"]
[Site "Heusenstamm"]
[Date "2017.11.25"]
[Round "5"]
[White "Krastev, Alexander"]
[Black "Reinhold, Guenther"]
[Result "1/2-1/2"]
[WhiteElo "2027"]
[BlackElo "1861"]
[PlyCount "59"]
[EventDate "2017.11.23"]
[EventType "swiss"]
[EventRounds "7"]
[EventCountry "GER"]
[SourceTitle "EXT 2019"]
[Source "ChessBase"]
[SourceDate "2018.10.10"]
[SourceVersion "1"]
[SourceVersionDate "2018.10.10"]
[SourceQuality "1"]

1. e4 c5 2. Nc3 e6 3. Nf3 a6 4. g3 Nc6 5. d4 cxd4 6. Nxd4 Qc7 7. Bg2 Bc5 8. Nb3 Be7 9. 0-0 d6 10. f4 b5 11. Be3 Bb7 12. a3 Nf6 13. Kh1 0-0 14. g4 Nd7 15. g5 Nc5 16. Rf3 Nxb3 17. cxb3 f5 18. Rh3 g6 19. Rc1 Qd7 20. Qe1 Na5 21. Na4 bxa4 22. Qxa5 Rac8 23. exf5 Rxc1+ 24. Bxc1 Bxg2+ 25. Kxg2 Qc6+ 26. Rf3 Qxc1 27. f6 Bxf6 28. gxf6 Qxb2+ 29. Kg3 Qxf6 30. Qxa4 1/2-1/2

[Event "Heusenstamm Sparkassen op-A 4th"]
[Site "Heusenstamm"]
[Date "2017.11.24"]
[Round "3"]
[White "Reinhold, Guenther"]
[Black "Schmitt, Clemens"]
[Result "1/2-1/2"]
[WhiteElo "1861"]
[BlackElo "1713"]
[PlyCount "75"]
[EventDate "2017.11.23"]
[EventType "swiss"]
[EventRounds "7"]
[EventCountry "GER"]
[SourceTitle "EXT 2019"]
[Source "ChessBase"]
[SourceDate "2018.10.10"]
[SourceVersion "1"]
[SourceVersionDate "2018.10.10"]
[SourceQuality "1"]

1. e4 c5 2. Be2 Nf6 3. d3 d5 4. e5 Nfd7 5. f4 e6 6. Nf3 Be7 7. 0-0 0-0 8. c3 Nc6 9. Be3 b6 10. Na3 Ba6 11. Nc2 Qc7 12. Qe1 f6 13. exf6 Nxf6 14. Ng5 Qd6 15. Rd1 d4 16. Bc1 h6 17. Nh3 Rad8 18. Qg3 Bc8 19. Na3 Ba6 20. Nc4 Bxc4 21. dxc4 Qc7 22. Qg6 Bd6 23. g3 dxc3 24. bxc3 e5 25. fxe5 Nxe5 26. Qc2 Neg4 27. Bxg4 Nxg4 28. Rxf8+ Rxf8 29. Qg6 Nf6 30. Bxh6 Be5 31. Bf4 Bxf4 32. Nxf4 Qf7 33. Qd3 Re8 34. Nd5 Ng4 35. Rf1 Re1 36. Nf4 Rxf1+ 37. Kxf1 Qxc4 38. Qxc4+ 1/2-1/2

[Event "Heusenstamm Sparkassen op-A 3rd"]
[Site "Heusenstamm"]
[Date "2016.11.27"]
[Round "3"]
[White "Reinhold, Guenther"]
[Black "Hentzgen, Thomas"]
[Result "1/2-1/2"]
[WhiteElo "1834"]
[BlackElo "2042"]
[PlyCount "64"]
[EventDate "2016.11.24"]
[EventType "swiss"]
[EventRounds "7"]
[EventCountry "GER"]
[SourceTitle "EXT 2018"]
[Source "ChessBase"]
[SourceDate "2017.10.13"]
[SourceVersion "1"]
[SourceVersionDate "2017.10.13"]
[SourceQuality "1"]

1. e4 c5 2. Be2 Nc6 3. f4 g6 4. Nf3 Bg7 5. d3 d6 6. 0-0 Qb6 7. c3 Nf6 8. Kh1 c4 9. Na3 cxd3 10. Bxd3 Bg4 11. h3 Bxf3 12. Qxf3 Nd7 13. Nc4 Qc7 14. Ne3 Nc5 15. Nd5 Qd7 16. Bc2 0-0-0 17. a3 e6 18. Nb4 Na5 19. Be3 Nc4 20. Rab1 Kb8 21. Rfd1 Nxe3 22. Qxe3 Qc7 23. Rd2 Bf6 24. Rbd1 Rhg8 25. e5 Be7 26. Nd3 Nxd3 27. Rxd3 dxe5 28. Rxd8+ Rxd8 29. Rxd8+ Bxd8 30. fxe5 Qb6 31. Qxb6 Bxb6 32. Ba4 Bc7 1/2-1/2

[Event "GER MS-249 email"]
[Site "GER email"]
[Date "2016.11.07"]
[Round "?"]
[White "Reinhold, Guenther"]
[Black "Hoffmann, Heiko"]
[Result "1-0"]
[WhiteElo "2032"]
[BlackElo "1901"]
[PlyCount "47"]
[EventDate "2016.11.11"]
[EventType "tourn (corr)"]
[EventRounds "6"]
[EventCountry "GER"]
[SourceTitle "Corr 2020"]
[Source "ChessBase"]
[SourceDate "2019.09.30"]
[SourceVersion "1"]
[SourceVersionDate "2019.09.30"]
[SourceQuality "1"]

1. e4 c5 2. Be2 Nc6 3. f4 g6 4. Nf3 d6 5. 0-0 Bg7 6. d3 Nf6 7. c3 0-0 8. Kh1 c4 9. Na3 cxd3 10. Bxd3 b6 11. Qe2 e5 12. Bc2 h6 13. f5 gxf5 14. exf5 Bb7 15. Ng1 Re8 16. Qd3 Kh7 17. Qh3 d5 18. Bg5 Ba6 19. Rf3 Rh8 20. Rd1 Qd6 21. Rg3 e4 22. Ba4 Ne5 23. Qh4 Rhg8 24. Nh3 1-0

[Event "Heusenstamm Sparkassen op-A 2nd"]
[Site "Heusenstamm"]
[Date "2015.11.27"]
[Round "3"]
[White "Reinhold, Guenther"]
[Black "Westphal, Norbert"]
[Result "0-1"]
[WhiteElo "1713"]
[BlackElo "1987"]
[PlyCount "62"]
[EventDate "2015.11.26"]
[EventType "swiss"]
[EventRounds "7"]
[EventCountry "GER"]
[SourceTitle "EXT 2018"]
[Source "ChessBase"]
[SourceDate "2017.10.13"]
[SourceVersion "1"]
[SourceVersionDate "2017.10.13"]
[SourceQuality "1"]

1. e4 Nf6 2. e5 Nd5 3. d4 d6 4. Nf3 dxe5 5. Nxe5 c6 6. Be2 Nd7 7. Nf3 g6 8. c4 Nc7 9. Nc3 Bg7 10. 0-0 0-0 11. Re1 Re8 12. Bg5 Ne6 13. Be3 Qc7 14. Qc2 Nf6 15. h3 Bd7 16. Rac1 Nf4 17. Ne5 Bf5 18. Qd2 Nxe2+ 19. Qxe2 Rad8 20. Red1 Be6 21. Bf4 Qa5 22. a3 Qa6 23. Ra1 Nh5 24. Bh2 Bxe5 25. Bxe5 Bxc4 26. Qe3 Bd5 27. g4 Ng7 28. Qh6 f6 29. Bg3 b6 30. g5 Nf5 31. Nxd5 Rxd5 0-1

[Event "Heusenstamm Sparkassen op-A 2nd"]
[Site "Heusenstamm"]
[Date "2015.11.26"]
[Round "1"]
[White "Berberich, Christoph"]
[Black "Reinhold, Guenther"]
[Result "1-0"]
[WhiteElo "2037"]
[BlackElo "1713"]
[PlyCount "109"]
[EventDate "2015.11.26"]
[EventType "swiss"]
[EventRounds "7"]
[EventCountry "GER"]
[SourceTitle "EXT 2018"]
[Source "ChessBase"]
[SourceDate "2017.10.13"]
[SourceVersion "1"]
[SourceVersionDate "2017.10.13"]
[SourceQuality "1"]

1. d4 Nf6 2. Nf3 e6 3. c4 b6 4. a3 Bb7 5. Nc3 d5 6. cxd5 Nxd5 7. e3 Be7 8. Bb5+ c6 9. Bd3 Nd7 10. 0-0 Rc8 11. e4 Nxc3 12. bxc3 0-0 13. Bb2 c5 14. Qe2 cxd4 15. cxd4 Nf6 16. Rad1 Qc7 17. Rfe1 Rfe8 18. h3 h6 19. Rc1 Qb8 20. Ne5 Rxc1 21. Rxc1 Qa8 22. Re1 Rc8 23. Ng4 Nxg4 24. Qxg4 Bf8 25. f4 Rc7 26. f5 exf5 27. Qxf5 Qc8 28. Qxc8 Rxc8 29. Rc1 Rxc1+ 30. Bxc1 h5 31. d5 Bd6 32. a4 f6 33. Kf2 Kf7 34. Be3 Ke7 35. Bd4 Be5 36. Ke3 Bd6 37. Bb5 Bg3 38. Be2 g6 39. Bc3 Bd6 40. Bb2 Bc5+ 41. Kd2 Bd6 42. Bd4 Bc8 43. Kc2 Bd7 44. Kb3 Bg3 45. Bc4 Bd6 46. Bd3 g5 47. Be2 g4 48. hxg4 Bxg4 49. Bxg4 hxg4 50. Kc4 Bb8 51. Kb5 Bd6 52. Kc6 g3 53. Bxf6+ Kxf6 54. Kxd6 a6 55. e5+ 1-0

[Event "GER MS-213 email"]
[Site "GER email"]
[Date "2015.02.02"]
[Round "?"]
[White "Hebel, Erich"]
[Black "Reinhold, Guenther"]
[Result "0-1"]
[WhiteElo "1979"]
[BlackElo "2020"]
[PlyCount "128"]
[EventDate "2015.02.13"]
[EventType "tourn (corr)"]
[EventRounds "6"]
[EventCountry "GER"]
[SourceTitle "Corr 2020"]
[Source "ChessBase"]
[SourceDate "2019.09.30"]
[SourceVersion "1"]
[SourceVersionDate "2019.09.30"]
[SourceQuality "1"]

1. e4 c5 2. Nf3 e6 3. d4 cxd4 4. Nxd4 a6 5. Nc3 Qc7 6. Bd3 Nf6 7. 0-0 Bd6 8. Nf3 Nc6 9. h3 Be7 10. Ne2 0-0 11. c4 b6 12. a3 d6 13. Be3 Nd7 14. Nc3 Nce5 15. Nxe5 Nxe5 16. Rc1 Bb7 17. f3 Rac8 18. Be2 Qb8 19. Qb3 Nd7 20. Rfd1 Rfd8 21. Rc2 Bc6 22. Qa2 Bf6 23. b4 h6 24. Kh1 Ne5 25. a4 Qc7 26. b5 Bb7 27. c5 bxc5 28. bxa6 Ba8 29. Nb5 Qe7 30. Qa3 Ng6 31. Qc1 Qf8 32. a7 Be7 33. Bf2 Bg5 34. Be3 Bh4 35. Bc4 Bg3 36. Bf2 Bf4 37. Qa3 Ne5 38. Be3 Bxe3 39. Qxe3 Nxc4 40. Rxc4 d5 41. Rcc1 d4 42. Qd3 e5 43. Rd2 Qe7 44. Rdc2 Rc6 45. Kg1 Rdc8 46. Qc4 Qg5 47. Qd3 g6 48. Rc4 Kg7 49. Kh1 h5 50. Qa3 Qe7 51. Kg1 g5 52. R1c2 g4 53. f4 Qf6 54. f5 Qg5 55. Qg3 Kf6 56. hxg4 hxg4 57. Rf2 Rh8 58. Rf1 Rh5 59. Rc2 c4 60. Rd1 Kg7 61. Nxd4 exd4 62. Rxd4 Rb6 63. Rdxc4 Rb1+ 64. Kf2 Rhh1 0-1

[Event "GER MS-213 email"]
[Site "GER email"]
[Date "2015.02.02"]
[Round "?"]
[White "Jahn, Peter"]
[Black "Reinhold, Guenther"]
[Result "1/2-1/2"]
[WhiteElo "1948"]
[BlackElo "2020"]
[PlyCount "118"]
[EventDate "2015.02.13"]
[EventType "tourn (corr)"]
[EventRounds "6"]
[EventCountry "GER"]
[SourceTitle "Corr 2020"]
[Source "ChessBase"]
[SourceDate "2019.09.30"]
[SourceVersion "1"]
[SourceVersionDate "2019.09.30"]
[SourceQuality "1"]

1. d4 Nf6 2. Nf3 e6 3. c4 b6 4. g3 Ba6 5. b3 Bb4+ 6. Bd2 Be7 7. Bg2 c6 8. Bc3 d5 9. Ne5 Nfd7 10. Nxd7 Nxd7 11. Nd2 0-0 12. 0-0 f5 13. a4 Nf6 14. Qc2 Rc8 15. a5 b5 16. c5 b4 17. Bxb4 Bxe2 18. Rfe1 Bh5 19. Ba3 Qd7 20. Bc1 g5 21. Ra4 Bd8 22. Qd3 g4 23. Bf1 Rb8 24. b4 Bc7 25. Qa6 Bf7 26. b5 cxb5 27. c6 Qe7 28. Bxb5 Bd6 29. Ra2 Rfc8 30. Ba4 Rc7 31. Qe2 f4 32. a6 Rcc8 33. Nb3 f3 34. Qe3 Ne4 35. h3 Rb4 36. Nd2 Ng5 37. hxg4 Qf6 38. Bd1 Rxc6 39. Nxf3 Rxc1 40. Qxc1 Nxf3+ 41. Bxf3 Qxf3 42. Qg5+ Bg6 43. Rae2 e5 44. dxe5 Bc7 45. Re3 Qxg4 46. Qf6 Rb8 47. Qc6 Qc4 48. Qe6+ Bf7 49. Qe7 Re8 50. Qd7 Bh5 51. Rf3 Qb4 52. Rc1 Qe7 53. Qxd5+ Kh8 54. Rfc3 Bb6 55. Rc8 Bxf2+ 56. Kg2 Bxg3 57. Rxe8+ Bxe8 58. Qd6 Qg7 59. Rc7 Bxe5+ 1/2-1/2

[Event "GER MS-213 email"]
[Site "GER email"]
[Date "2015.02.02"]
[Round "?"]
[White "Reinhold, Guenther"]
[Black "Milde, Lars"]
[Result "1/2-1/2"]
[WhiteElo "2020"]
[BlackElo "2050"]
[PlyCount "65"]
[EventDate "2015.02.13"]
[EventType "tourn (corr)"]
[EventRounds "6"]
[EventCountry "GER"]
[SourceTitle "Corr 2020"]
[Source "ChessBase"]
[SourceDate "2019.09.30"]
[SourceVersion "1"]
[SourceVersionDate "2019.09.30"]
[SourceQuality "1"]

1. e4 e5 2. Nf3 Nc6 3. Bc4 Bc5 4. c3 Nf6 5. d3 a6 6. Bb3 d6 7. Nbd2 Ba7 8. Nf1 Ne7 9. Ng3 Ng6 10. 0-0 0-0 11. h3 Be6 12. Re1 Re8 13. Bd2 h6 14. Bxe6 Rxe6 15. Qc2 d5 16. Nf5 c5 17. Rad1 Rc8 18. a4 Bb8 19. c4 d4 20. a5 Ne7 21. Nxe7+ Qxe7 22. Nh4 Qd8 23. Nf5 h5 24. Ra1 g6 25. Ng3 Bc7 26. Ne2 Rb8 27. Reb1 b6 28. axb6 Rexb6 29. Ra3 Nd7 30. b3 Nf8 31. Rba1 Ne6 32. Ba5 R6b7 33. Bd2 1/2-1/2

[Event "GER MS-213 email"]
[Site "GER email"]
[Date "2015.02.02"]
[Round "?"]
[White "Reinhold, Guenther"]
[Black "Pachnicke, Harald"]
[Result "1/2-1/2"]
[WhiteElo "2020"]
[BlackElo "1846"]
[PlyCount "37"]
[EventDate "2015.02.13"]
[EventType "tourn (corr)"]
[EventRounds "6"]
[EventCountry "GER"]
[SourceTitle "Corr 2020"]
[Source "ChessBase"]
[SourceDate "2019.09.30"]
[SourceVersion "1"]
[SourceVersionDate "2019.09.30"]
[SourceQuality "1"]

1. e4 e5 2. Nf3 Nc6 3. d4 exd4 4. Nxd4 Nf6 5. Nc3 Bb4 6. Nxc6 bxc6 7. Bd3 0-0 8. 0-0 d5 9. exd5 cxd5 10. h3 Re8 11. Qf3 c6 12. Bf4 Bd6 13. Rfe1 Be6 14. Ne2 a5 15. Rad1 Qb8 16. b3 Bd7 17. Bg5 Ne4 18. Bf4 Nf6 19. Bg5 1/2-1/2

[Event "GER T167-B45-S email"]
[Site "GER email"]
[Date "2013.02.18"]
[Round "?"]
[White "Reinhold, Guenther"]
[Black "Kleinhenz, Andreas"]
[Result "1-0"]
[WhiteElo "2012"]
[BlackElo "1541"]
[PlyCount "35"]
[EventDate "2013.02.28"]
[EventType "tourn (corr)"]
[EventRounds "8"]
[EventCountry "GER"]
[SourceTitle "Corr 2015"]
[Source "ChessBase"]
[SourceDate "2015.07.17"]
[SourceVersion "1"]
[SourceVersionDate "2015.07.17"]
[SourceQuality "1"]

1. e4 c5 2. Nf3 e6 3. d4 cxd4 4. Nxd4 a6 5. Nc3 Qc7 6. Bd3 Nf6 7. 0-0 d6 8. f4 Be7 9. Nf3 Nc6 10. Qe1 0-0 11. a3 b5 12. b4 Bb7 13. Bb2 Nd7 14. Rf2 Bf6 15. Rd1 Rac8 16. Bf1 Rfd8 17. Rfd2 Nb6 18. Qf2 1-0

[Event "GER MS-172 email"]
[Site "GER email"]
[Date "2013.01.10"]
[Round "?"]
[White "Reinhold, Guenther"]
[Black "Lauer, Roland"]
[Result "1/2-1/2"]
[WhiteElo "2012"]
[BlackElo "1822"]
[PlyCount "97"]
[EventDate "2013.01.28"]
[EventType "tourn (corr)"]
[EventRounds "6"]
[EventCountry "GER"]
[SourceTitle "Corr 2015"]
[Source "ChessBase"]
[SourceDate "2015.07.17"]
[SourceVersion "1"]
[SourceVersionDate "2015.07.17"]
[SourceQuality "1"]

1. e4 e5 2. Nf3 Nc6 3. d4 exd4 4. Bc4 Nf6 5. e5 Ne4 6. Bd5 Nc5 7. 0-0 Ne6 8. Re1 h6 9. c3 dxc3 10. Nxc3 b6 11. a3 Bb7 12. Qa4 Na5 13. Be3 Bxd5 14. Nxd5 Nb7 15. Rad1 c6 16. Nf4 Qc7 17. Nxe6 dxe6 18. h3 Be7 19. Qg4 Kf8 20. Qe4 Rd8 21. Rxd8+ Nxd8 22. b4 g6 23. Rc1 Kg7 24. Qc4 Re8 25. Qc3 Qd7 26. Rc2 Rh8 27. Rd2 Qc7 28. Rd3 Nb7 29. Qd2 Rd8 30. Rxd8 Qxd8 31. Bxh6+ Kg8 32. Qxd8+ Bxd8 33. Be3 Bc7 34. Nd4 c5 35. bxc5 Nxc5 36. f4 a6 37. Kf2 g5 38. fxg5 Bxe5 39. Ke2 Bd6 40. h4 Nd7 41. Nc2 Kh7 42. h5 b5 43. Bd2 Nb6 44. Kf3 Nc4 45. Bb4 Be5 46. Ke4 Bb2 47. Be7 Bc1 48. Kd4 Bb2+ 49. Kd3 1/2-1/2

[Event "GER MS-145 email"]
[Site "GER email"]
[Date "2011.11.28"]
[Round "?"]
[White "Walther, Joachim"]
[Black "Reinhold, Guenther"]
[Result "0-1"]
[WhiteElo "1960"]
[BlackElo "1976"]
[PlyCount "148"]
[EventDate "2011.12.06"]
[EventType "tourn (corr)"]
[EventRounds "6"]
[EventCountry "GER"]
[SourceTitle "Corr 2015"]
[Source "ChessBase"]
[SourceDate "2015.07.17"]
[SourceVersion "1"]
[SourceVersionDate "2015.07.17"]
[SourceQuality "1"]

1. d4 Nf6 2. c4 e6 3. Nc3 c5 4. d5 exd5 5. cxd5 d6 6. e4 g6 7. Bd3 Bg7 8. Nge2 0-0 9. 0-0 a6 10. a4 Nbd7 11. h3 Re8 12. Ng3 b6 13. Bg5 Qc7 14. Rc1 h6 15. Be3 c4 16. Be2 h5 17. f3 h4 18. Nh1 Rb8 19. Qe1 b5 20. Qxh4 Nc5 21. axb5 axb5 22. b4 Nb3 23. Rc2 Bd7 24. Rb1 Ra8 25. Qf2 Qd8 26. Ng3 Qe7 27. Bd1 Nh5 28. Nxh5 gxh5 29. g4 hxg4 30. hxg4 Be5 31. Ne2 Ra3 32. Kg2 Rea8 33. Nc1 f6 34. Nxb3 Rxb3 35. Rcc1 Rxb1 36. Rxb1 Qh7 37. Kg1 Ra3 38. Bd4 Bf4 39. Ra1 Be3 40. Rxa3 Bxf2+ 41. Bxf2 Qh6 42. Be3 Qh4 43. Bf2 Qg5 44. Be3 Qe5 45. Be2 Qb2 46. Ra8+ Kf7 47. Kf2 Qxb4 48. g5 fxg5 49. Ra7 Ke8 50. Ra8+ Ke7 51. Bxg5+ Kf7 52. Rd8 Be8 53. f4 Qb2 54. Kf1 Qh8 55. Kg2 b4 56. Bg4 b3 57. Be6+ Kg6 58. Bf5+ Kg7 59. Rxd6 Qh5 60. Bf6+ Kf8 61. Kg3 Qd1 62. Rd8 Qg1+ 63. Kf3 b2 64. e5 Qh1+ 65. Kg3 b1Q 66. Bxb1 Qxb1 67. e6 Qg1+ 68. Kf3 Qg6 69. Bg5 Qh5+ 70. Ke4 Kg7 71. Kd4 Bb5 72. Rd7+ Kg6 73. Kc5 Ba4 74. Kxc4 Qe2+ 0-1

[Event "GER HS-095 email"]
[Site "GER email"]
[Date "2011.02.14"]
[Round "?"]
[White "Boecker, Marcus"]
[Black "Reinhold, Guenther"]
[Result "0-1"]
[WhiteElo "1744"]
[BlackElo "1966"]
[PlyCount "44"]
[EventDate "2011.02.21"]
[EventType "tourn (corr)"]
[EventRounds "6"]
[EventCountry "GER"]
[SourceTitle "Corr 2015"]
[Source "ChessBase"]
[SourceDate "2015.07.17"]
[SourceVersion "1"]
[SourceVersionDate "2015.07.17"]
[SourceQuality "1"]
[WhiteTeam "Germany"]
[BlackTeam "Latvia"]
[WhiteTeamCountry "GER"]
[BlackTeamCountry "LAT"]

1. e4 c5 2. Nf3 e6 3. Nc3 a6 4. d4 cxd4 5. Qxd4 Nc6 6. Qe3 Be7 7. Bd3 d5 8. exd5 exd5 9. Nd4 Nf6 10. Nxc6 bxc6 11. 0-0 d4 12. Qe5 dxc3 13. Qxc3 Bd7 14. Re1 0-0 15. Bg5 Re8 16. a3 Qc7 17. g3 h6 18. Bf4 Qa7 19. Be3 c5 20. Bxc5 Bxc5 21. Rxe8+ Rxe8 22. Re1 Bxf2+ 0-1